Aprendizaje organizacional: cómo ganar y mantener la competitividad
Guardat en:
| Autors principals: | , |
|---|---|
| Format: | Llibre |
| Idioma: | espanyol |
| Publicat: |
Ciudad de México
Prentice Hall
1996
|
| Edició: | 1a. ed |
| Matèries: | |
| Etiquetes: |
Afegir etiqueta
Sense etiquetes, Sigues el primer a etiquetar aquest registre!
|
MARC
| LEADER | 00000cam a2200000 a 4500 | ||
|---|---|---|---|
| 001 | UCP6274 | ||
| 003 | CL-VaPUC | ||
| 008 | 991021e19960000MX |||||||||||||||||spa|d | ||
| 020 | |a 9688807338 | ||
| 082 | 0 | 4 | |a 658.406 |b GUN |2 21 |
| 100 | 0 | |a Guns, Bob |e author |9 435271 | |
| 700 | 0 | |a Anundsen, Kristin |e author |9 435272 | |
| 245 | 1 | 0 | |a Aprendizaje organizacional: cómo ganar y mantener la competitividad |
| 250 | |a 1a. ed | ||
| 300 | |a 130 p | ||
| 942 | |c BK | ||
| 945 | |d 19991021 00:00:00 |a rbrito | ||
| 260 | |a Ciudad de México |b Prentice Hall |c 1996 | ||
| 500 | |a Incluye diskette | ||
| 650 | 0 | |a Gestión administrativa |9 375217 | |
| 650 | 0 | |a Organización |9 256369 | |
| 650 | 0 | |a Cambio organizacional |9 260741 | |
| 650 | 7 | |a COMPETENCIA ADMINISTRATIVA |2 CL-VaPUC |9 385094 | |
| 583 | |a last modification |c 20170228 11:54:38 |k Rodrigo Vera | ||
| 999 | |c 283872 |d 283870 | ||
| 952 | |0 0 |1 0 |4 0 |6 658_406000000000000_GUN_1996 |7 0 |8 A |9 327390 |a BIBEDU |b BIBEDU |d 2019-11-20 |i 3572072 |o 658.406 GUN 1996 |p 3572072 |r 2019-11-20 |w 2019-11-20 |y BK |k PSI | ||
| 952 | |0 0 |1 0 |3 erb |4 0 |6 658_406000000000000_GUN_1996 |7 0 |8 A |9 327391 |a BIBENE |b BIBENE |i 5329477 |o 658.406 GUN 1996 |p 5329477 |r 2025-01-15 |w 2019-11-20 |y BK |z Catalogado en:20170303 |k ICO | ||